000 00284 a2200145 4500
001 160884
020 _a
040 _cMagnum
100 _aIriarte
240 1 0 _aO asno flautista
_lpor
245 1 0 _aO asno flautista
300 _a8
697 _aLITERATURA INFANTO
942 _cBK
999 _c160884
_d160884